Cálculo práctico de cuchillos de hierro y madera
Gespeichert in:
| 1. Verfasser: | |
|---|---|
| Format: | Buch |
| Sprache: | Spanisch |
| Veröffentlicht: |
Barcelona
CEAC
1970
|
| Ausgabe: | 8a. ed |
| Schlagworte: | |
| Tags: |
Tag hinzufügen
Keine Tags, Fügen Sie den ersten Tag hinzu!
|
MARC
| LEADER | 00000nam a2200000 a 4500 | ||
|---|---|---|---|
| 001 | UCU6311 | ||
| 003 | CL-VaPUC | ||
| 008 | 960614e19700000SP |||||||||||||||||spa|d | ||
| 082 | 0 | 4 | |a 624.18 |b ARQ |2 21 |
| 100 | 0 | |a Arquero Esteban, Francisco |e author |9 364515 | |
| 245 | 1 | 0 | |a Cálculo práctico de cuchillos de hierro y madera |
| 250 | |a 8a. ed | ||
| 300 | |a 207 p | ||
| 942 | |c BK | ||
| 945 | |d 19960614 00:00:00 |a paguirre | ||
| 260 | |a Barcelona |b CEAC |c 1970 | ||
| 650 | 7 | |a TECHOS |2 CL-VaPUC |9 363976 | |
| 650 | 0 | |a Materiales de construcción |9 260197 | |
| 650 | 7 | |a HIERRO |2 CL-VaPUC |9 357538 | |
| 650 | 0 | |a Madera |9 262357 | |
| 583 | |a last modification |c 19960614 00:00:00 |k Rodrigo Vera | ||
| 999 | |c 249305 |d 249303 | ||
| 952 | |0 0 |1 0 |4 0 |6 624_180000000000000_ARQ_1970 |7 0 |8 A |9 266497 |a BIBING |b BIBING |d 2019-11-19 |i 168700K |o 624.18 ARQ 1970 |p 168700K |r 2025-01-20 |w 2019-11-19 |y BK |k CCL | ||